| 000 | 00506nam a22001937a 4500 | ||
|---|---|---|---|
| 999 |
_c2032 _d2032 |
||
| 003 | SLTCLib | ||
| 008 | 260610b ce ||||| |||| 00| 0 eng d | ||
| 020 | _a9781266802508 | ||
| 041 | _aEnglish | ||
| 080 |
_a519.5:658 _bJAG |
||
| 100 |
_aJaggia, Sanjiv _93592 |
||
| 245 |
_aBusiness Statistics _bCommunicating with Numbers |
||
| 250 | _a5th ed | ||
| 260 |
_aAmerica _bMc Graw Hill _c2025 |
||
| 300 | _a750p. | ||
| 650 | 0 |
_93433 _aBusiness Statistics |
|
| 700 |
_93591 _aKelly, Alison |
||
| 942 |
_2ddc _cMRE |
||
| 945 |
_a3725 _bIshara wickramage _c3725 _dIshara wickramage |
||